000 00321nam a2200121Ia 4500
008 220204s9999 xx 000 0 und d
082 _a065
_bATC
100 _aHill, Thomas J
245 0 _aManagement today: Managing work in organizations
260 _aNew York
_bHarcourt Bruce
_c1978
700 _aWinston W
942 _cBK
999 _c33398
_d33398